000 00950nam a2200229 a 4500
008 060512s2004 ||||||||||||||||| || u
020 _a0821357697
050 _aIBRD(06)RSS/2004/5
100 _aHoddinott, John
245 1 0 _aTargeting of transfers in Developing Countries: review of lessons and experience
_cDavid Coady, Margaret Grosh and John Hoddinott
260 _aWashington, D. C.
_bWorld Bank
_c2004
300 _axi; 109p.; ill.
350 _a0.00
490 _aWorld Bank Regional and Sectoral Studies
500 _aaccompanied with a C. D.
650 0 _aDEVELOPING COUNTRIES--ECONOMIC CONDITIONS
650 _aPOVERTY--DEVELOPING COUNTRIES
650 _aECONOMIC ASSISTANCE, DOMESTIC--DEVELOPING COUNTRIES
700 _aCoady, David
700 _aGrosh, Margaret
995 _D0.00
_FCBU-MAIN LIBRARY (Kitwe)
_H1
_I0.00
_M1
_UAVAILABLE
_WMay 12, 2006
_ZInternational Publications
999 _c59386
_d59386